1779 1237 1322 1449 1305 1293 1582 1114 1285 1736 1799 1167 1620 1806 1362 1052 1413 1835 1934 1906 1419 1152 1190 1717 1318 1312 1253 1875 1798 1554 1078 1302 1895 1225 1420 1068 1329 1840 1488 1995 1009 1923 1787 1137 1477 1745 1297 1045 1183 1021 1401 1443 1310 1249 1840 1604 1550 1112 1323 1921 1942 1354 1713 1431 1671 1499 1541 1803 1224 1649 1295 1914 1779 1181 1276 1901 1768 1456 1655 1376 1338 1398 1818 1731 1252 1105 1632 1392 1044 1511 1676 1538 1667 1926 1880 1647 1177 1097 1245 BCNSPRNW ULIB Ver.6.0+V

เปลี่ยนเป็นภาษาไทย

Change to English
 แสดงรายละเอียดบรรณานุกรม
  กลับหน้าหลัก

Brief Record : Get Marc (ISO 2709) : E-mail record : QR code < ปิดหน้าต่าง
LEADER : 00000nam 2200000uu 4500
001    13399115063
003     ULIB
008    120706s2550||||th 000 0 tha d
020    ^a9789744729644
090    ^aนว.^bร930ฮ ล.4 2550
100 0  ^aโรว์ลิ่ง, เจ.เค.
245 00 ^aแฮร์รี่ พอตเตอร์ กับถ้วยอัคนี เล่ม4/^cโรว์ลิ่ง, เจ.เค.
250    ^aพิมพ์ครั้งที่ 18
260    ^aกรุงเทพฯ :^bนานมีบุ๊คส์,^c2550
300    ^a832 หน้า
710 1  ^aนานมีบุ๊คส์
945    ^p0^l0^i14052
995    ^aกัณชพร
999    ^aใช้งานได้ทุกระบบ
รายการนี้ยังไม่มีแท็ก
คุณยังไม่ได้ล็อกอิน คุณสามารถมีกิจกรรมร่วมกับเว็บไซต์ได้ แต่ต้องล็อกอินก่อน ::
  ล็อกอิน

รายการสื่อสารสนเทศ

ลำดับที่ ประเภท เลขเรียก/บาร์โค้ด สถานที่ สถานะ
1. นวนิยาย
นวนิยาย
นว. ร930ฮ ล.4 2550  
  Barcode: 14052
ห้องสมุดวิทยาเขตสวรรค์ประชารักษ์
►นวนิยาย
บนชั้น
  ขอยืม

รายการใกล้เคียง
    ผู้แต่ง [โรว์ลิ่ง, เจ.เค.]

BibComment


ยังไม่เคยถูกคอมเมนท์

คอมเมนท์ทรัพยากรรายการนี้
  คอมเมนท์: แฮร์รี่ พอตเตอร์..


 Copyright 2026. Bcnsprnw @Library